000 00411nam a22001697a 4500
003 OSt
005 20211101164918.0
008 211101b |||||||| |||| 00| 0 eng d
020 _a0889365563
040 _cHAWASSA UNIVERSITY
050 _a636.085/SHR
_b3
082 _a636.085/SHR
_b3
245 _aSHRUBS AND TREE FODDERS FOR FARM ANIMALS
260 _bIDRC
_c1990
300 _a349
942 _2ddc
_cBOOKS
_n0
999 _c16177
_d16177